Entry Personal Name
Number of records used in: 1
001 - CONTROL NUMBER
003 - CONTROL NUMBER IDENTIFIER
005 - DATE AND TIME OF LATEST TRANSACTION
- control field:
20221031145356.0
008 - FIXED-LENGTH DATA ELEMENTS
- fixed length control field:
030717n| acannaabn |n aaa c
010 ## - LIBRARY OF CONGRESS CONTROL NUMBER
- LC control number:
no2003070475
035 ## - SYSTEM CONTROL NUMBER
- System control number:
(OCoLC)oca06102095
040 ## - CATALOGING SOURCE
- Original cataloging agency:
TxCM
- Language of cataloging:
eng
- Transcribing agency:
TxCM
100 1# - HEADING--PERSONAL NAME
- Personal name:
Sierra, Kathy
670 ## - SOURCE DATA FOUND
- Source citation:
Head first Java, 2003:
- Information found:
t.p. (Kathy Sierra) p. vi (founder of Java community website javaranch.com)